000 01378nam0a22002771 4500
001 rc\2777582
005 20250810045943.0
035 _a(NLR Aleph) 006903841
090 _a7275738
_c7275738
100 _a20110915d1942 u y0rusy50 ca
101 0 _arus
102 _aRU
105 _aa z |||||
200 1 _aПластмассы-заменители цветных металлов в машиностроении
_fКанд. техн. наук Б. А. Архангельский
210 _aСвердловск
_aМосква
_cМеталлургиздат
_d1942
215 _a32, [3] с.
_cтабл., черт.
_d25 см.
225 1 _aАнтифрикционные и литейные сплавы и их заменители
_fВСНИТО. Всесоюз. науч. инж.-техн. о-во металлургов. Ленинградск. отд. Центр. заоч. курсы по экономии цв. металлов
_vРаздел 2. Лекция 9
700 1 _7ca
_8rus
_aАрхангельский
_bБ. А.
_cканд. техн. наук
_gБорис Александрович
_9220302
_3RU\NLR\AUTH\770220358
801 0 _aRU
_bNLR
_gpsbo
801 1 _aRU
_bELAR
_2rusmarc
852 _aNLR
_jЭк40 Г-6/68-9
942 _cBOOK
945 _aРоссийская национальная библиотека
980 _aNB
980 _aBV